1213 1008 1158 1959 1988 1644 1553 1860 1977 1461 1582 1271 1908 1583 1500 1537 1361 1145 1136 1969 1216 1573 1272 1656 1435 1147 1553 1716 1724 1530 1910 1938 1612 1790 1187 1872 1370 1172 1878 1892 1946 1330 1458 1959 1344 1405 1555 1525 1425 1915 1072 1015 1231 1085 1015 1421 1015 1459 1797 1655 1906 1394 1402 1628 1233 1439 1328 1749 1642 1668 1811 1617 1840 1300 1494 1777 1015 1861 1090 1245 1030 1630 1140 1919 1213 1438 1675 1850 1131 1150 1104 1025 1097 1538 1374 1511 1469 1765 1520 BCNSPRNW ULIB Ver.6.0+V

เปลี่ยนเป็นภาษาไทย

Change to English
 แสดงรายละเอียดบรรณานุกรม
  กลับหน้าหลัก

Brief Record : Get Marc (ISO 2709) : E-mail record : QR code < ปิดหน้าต่าง
LEADER : 00000nam 2200000uu 4500
001    13399127236
003     ULIB
008    200302s||||||||th 000 0 tha d
020    ^a9786163980489
060  0 ^aWB100^bว534ว^cล.2
100 0  ^aวิชุดา จิรพรเจริญ, บรรณาธิการ
245 00 ^aเวชปฏิบัติครอบครัว 2 : การดูแลผู้ป่วยร่วมกับครอบครัว =^bFamily Practice 2 : Caring for Patients with Their Families/^cวิชุดา จิรพรเจริญ และ^cชัยสิริ อังกุระวรานนท์, บรรณาธิการ
250    ^aพิมพ์ครั้งที่ 3
260    ^aเชียงใหม่ :^bภาควิชาเวชศาสตร์ครอบครัว คณะแพทยศาสตร์ มหาวิทยาลัยเชียงใหม่,^c2561
300    ^a224 หน้า
650  0 ^aผู้ป่วย- -การดูแล
650  0 ^aการส่งเสริมสุขภาพ
650  0 ^aการพยาบาลครอบครัว
650  0 ^aFamily Medicine
650  0 ^aFamily Practice
650  0 ^aHealth Promotion
700 0  ^aชัยสิริ อังกุระวรานนท์, บรรณาธิการ
856    ^a^zเวชปฏิบัติครอบครัว 2 : การดูแลผู้ป่วยร่วมกับครอบครัว (Family Practice 2 : Caring for Patients with Their Families) (สารบัญหนังสือ)^uhttp://110.164.66.211/ULIB6//_fulltext/bookcontent/13399114377/51225.pdf
945    ^p350^l0^i006412
945    ^p350^l0^i006413
945    ^p350^l0^i006414
945    ^p350^l0^i006415
945    ^p350^l0^i006416
999    ^aอังศุธร กาญจนาโรจน์พันธ์
รายการนี้ยังไม่มีแท็ก
คุณยังไม่ได้ล็อกอิน คุณสามารถมีกิจกรรมร่วมกับเว็บไซต์ได้ แต่ต้องล็อกอินก่อน ::
  ล็อกอิน

รายการสื่อสารสนเทศ

ลำดับที่ ประเภท เลขเรียก/บาร์โค้ด สถานที่ สถานะ
1. วิทยาศาสตร์การแพทย์ และสุขภาพ
หนังสือสำรอง
สถานะ=หนังสือสำรอง
WB100 ว534ว ล.2 ฉ.1 
  Barcode: 006412
ห้องสมุดวิทยาเขตสวรรค์ประชารักษ์
►หนังสือทั่วไป
บนชั้น
2. วิทยาศาสตร์การแพทย์ และสุขภาพ
วิทยาศาสตร์การแพทย์ และสุขภาพ
WB100 ว534ว ล.2 ฉ.2 
  Barcode: 006413
ห้องสมุดวิทยาเขตสวรรค์ประชารักษ์
►หนังสือทั่วไป
บนชั้น
3. วิทยาศาสตร์การแพทย์ และสุขภาพ
วิทยาศาสตร์การแพทย์ และสุขภาพ
WB100 ว534ว ล.2 ฉ.3 
  Barcode: 006414
ห้องสมุดวิทยาเขตสวรรค์ประชารักษ์
►หนังสือทั่วไป
บนชั้น
4. วิทยาศาสตร์การแพทย์ และสุขภาพ
วิทยาศาสตร์การแพทย์ และสุขภาพ
WB100 ว534ว ล.2 ฉ.4 
  Barcode: 006415
ห้องสมุดวิทยาเขตสวรรค์ประชารักษ์
►หนังสือทั่วไป
บนชั้น
5. วิทยาศาสตร์การแพทย์ และสุขภาพ
วิทยาศาสตร์การแพทย์ และสุขภาพ
WB100 ว534ว ล.2 ฉ.5 
  Barcode: 006416
ห้องสมุดวิทยาเขตสวรรค์ประชารักษ์
►หนังสือทั่วไป
บนชั้น

รายการใกล้เคียง
    ผู้แต่ง [วิชุดา จิรพรเจริญ, บรรณาธิการ]

    หัวเรื่อง [ผู้ป่วย- -การดูแล]
    หัวเรื่อง [การส่งเสริมสุขภาพ]
    หัวเรื่อง [การพยาบาลครอบครัว]
    หัวเรื่อง [Family Medicine]
    หัวเรื่อง [Family Practice]
    หัวเรื่อง [Health Promotion]

BibComment


ยังไม่เคยถูกคอมเมนท์

คอมเมนท์ทรัพยากรรายการนี้
  คอมเมนท์: เวชปฏิบัติครอบคร..


 Copyright 2026. Bcnsprnw @Library